| 000 | 00754nam a2200217 a 4500 | ||
|---|---|---|---|
| 001 | 001095154 | ||
| 003 | AM-YeHGA | ||
| 005 | 20250617151536.0 | ||
| 008 | 150731s2014 li 000 0 eng d | ||
| 020 | _a9789986498636 | ||
| 040 | _aAM-YeHGA | ||
| 041 | 0 | _alit | |
| 245 | 0 | 0 |
_aLietuviu makslo draugijos paveldas Lietuvos mokslu akademijos Vrublevskiu bibliotekoje : _bbibliografijos rodykle / _csudare Egle Paskeviciute-Kundrotiene. |
| 260 |
_aVilnius : _bLietuvos mokslu akademijos Vrublevskiu biblioteka, _c2014. |
||
| 300 |
_a130 p. : _bill. |
||
| 504 | _aIncludes bibliogr. references and index | ||
| 610 | 2 | 0 |
_aLithuanian Scientific Society _xHeritage |
| 650 | 1 | 4 | _aBibliography |
| 700 | 1 | _aPaskeviciute-Kundrotiene, Egle | |
| 090 | _c355142 | ||
| 999 |
_c353325 _d353325 |
||